| 000 | 01526 a2200361 4500 | ||
|---|---|---|---|
| 001 | 200129141 | ||
| 999 |
_c200129141 _d29764 |
||
| 003 | TR-AnTOB | ||
| 005 | 20231201095550.0 | ||
| 008 | 130503s2012 -ge 001 0 | ||
| 020 | _a9783486596564 | ||
| 035 | _a200129141 | ||
| 040 | _aTR-AnTOB | ||
| 041 | _ager | ||
| 050 | 0 |
_aKK6071.5 _b.T56 2012 |
|
| 090 | _aKK6071.5 .T56 2012 | ||
| 100 | 1 |
_aTinnefeld, Marie-Theres _988575 |
|
| 245 | 1 | 0 |
_aEinführung in das Datenschutzrecht : _bDatenschutz und Informationsfreiheit in europäischer Sicht / _cvon Marie-Theres Tinnefeld, Benedikt Buchner, Thomas Petri. |
| 250 | _a5., vollstandig überarbeitete Auflage. | ||
| 264 | 1 |
_aMünchen : _bOldenbourg, _c2012 |
|
| 300 |
_axii, 465 p. : _bill. ; _c24 cm. |
||
| 504 | _aIncludes bibliographical references p. (457-459) and index. | ||
| 505 | _aI.Grundfragen -- II.Grundsatze des Datenschutzrechts -- III.Datenschutz im öffentlichen Bereich -- IV.Datenverarbeitung im nicht-öffentlichen Bereich -- V.Datenschutz und IT-Sicherheit -- | ||
| 650 | 0 |
_aFreedom of information _zGermany _988580 |
|
| 650 | 7 |
_aHaberleşme özgürlüğü _zAlmanya _2etuturkob _988581 |
|
| 650 | 0 |
_aData protection _xLaw and legislation _zGermany _988578 |
|
| 650 | 0 |
_aData protection _xLaw and legislation _zEurope _988579 |
|
| 650 | 7 |
_aVeri koruma _xHukuk ve mevzuat _zAlmanya _2etuturkob _988582 |
|
| 650 | 7 |
_aVeri koruma _xHukuk ve mevzuat _zAvrupa _2etuturkob _988583 |
|
| 700 | 1 |
_aBuchner, Benedikt _988576 |
|
| 700 | 1 |
_aPetri, Thomas _988577 |
|
| 942 | _cBK | ||